The Malaysian economy in figures 2012.
| Corporate Author: | |
|---|---|
| Format: | Book |
| Published: |
Putrajaya:
Economic Planning Unit (EPU),Prime Minister's Department,
2012.
|
| Subjects: |
| LEADER | 00527cam a2200145 7i4500 | ||
|---|---|---|---|
| 001 | 0000030185 | ||
| 005 | 20130919090000.0 | ||
| 090 | 0 | 0 | |a STAT 310.9 |b ECO (M) |
| 110 | 2 | 0 | |a Economic Planning Unit (EPU),Prime Minister's Department |
| 245 | 2 | 4 | |a The Malaysian economy in figures 2012. |
| 260 | 0 | 0 | |a Putrajaya: |b Economic Planning Unit (EPU),Prime Minister's Department, |c 2012. |
| 300 | # | # | |a 57 p. |
| 650 | 0 | 0 | |a Malaysia -- |x Economic conditions -- |x Statistics |
| 651 | 0 | 0 | |a Malaysia |
| 999 | |a 0000033073 |b Book |c Statistics |e Business Information Centre | ||